000 00903cad a22002175a 4500
001 E147899
008 090630s2009 xxko f 000 0 eng d
035 _a(Sirsi) u147899
041 0 _aeng
050 0 4 _a333.0062 $2 18
110 2 _aRoyal Institution of Chartered Surveyors
_bScottish Branch
_9830
245 0 0 _aRICS Scotland annual report 2008/09
260 _aEdinburgh
_bRICS
_c2009
520 _aReport on the activities of RICS Scotland for the period 2008/09. Includes a statement of the Chairman's activities, details of RICS Scotland's achievements and an income and expenditure statement.
521 _aIntroductory
590 _aKA
651 4 _aScotland
_y1999-
690 _aABOUT RICS-RICS ANNUAL REPORT
856 4 0 _uhttps://www.rics.org/RICSWEB/getpage.aspx?p=Segyk50MOkGDN3S0Z2xUrg
_zView the annual report free of charge (member-only content) at www.rics.org...
942 _n0
999 _c109773
_d109773